| 000 | 03927 a2200229 4500 | ||
|---|---|---|---|
| 001 | 45041 | ||
| 005 | 20260407155725.0 | ||
| 008 | 260407a2011 arg spa d | ||
| 003 | AR-UNSa-BCEJYS | ||
| 040 |
_aAR-UNSa-BCEJYS _bspa _cAR-UNSa-BCEJYS |
||
| 080 |
_a331.5 _xMercado de Trabajo. Empleo |
||
| 245 | 1 | 0 |
_aPacto mundial para el empleo _pEstudio nacional. Argentina |
| 020 | _a978-92-2-325461-2 | ||
| 264 | 1 |
_aBuenos Aires : _bOIT _c2011 |
|
| 300 |
_a95 p. _c29 cm. |
||
| 505 | _aParte A : Síntesis del impacto de la crisis en Argentina : 1. Impacto sobre las principales variables macroeconómicas – 2. Impacto sobre economía real – 3. Impacto sobre el mercado laboral y sobre el empleo – 4. Impacto sobre la protección social – 5. Impacto sobre los salarios y las condiciones de trabajo – 6. Impactos sobre las normas laborales, incluida la libertad sindical y el derecho a la negación colectiva - - Parte B : Políticas de respuesta a la crisis y de recuperación : 1. Acelerar la creación de puestos de trabajos y recuperación del empleo y respaldar a las empresas – 2. Establecer sistemas de protección social y protección de las personas – 3. Fortalecer el respeto de las normas internacionales del trabajo – 4. Dialogo Social : negociar colectivamente, identificar las prioridades, estimular la acción - - Parte C : Dar forma a una globalización equitativa y sostenible : 1. Coordinación, coherencia y cooperación de políticas entre los diferentes ministerios gubernamentales – 2. Políticas que promueven un comercio y un mercado eficiente y bien reglamentado, que redunden en beneficio de todos y eviten el proteccionismo – 3. Políticas que potencien la diversificación económica, mediante el fortalecimiento de capacidades, para la obtención de producción y servicios con valor añadido que estimulen la demanda tanto interna como externa – 4. Un marco nacional regulador y del control del sector financiero, para que este sector sirva a la economía real, promueva las empresas sostenibles y el trabajo decente, y proteja mejor los ahorros y el trabajo de las personas – 5. Políticas que contribuyan a instaurar una protección social adecuada para todos, sustentadas en un régimen básico de protección social (piso social ) que incluya al acceso a la atención sanitaria, la seguridad del ingreso para los ancianos y las personas con discapacidad, las prestaciones por hijos a cargo y la seguridad del ingreso, combinada con sistemas públicos de garantía del empleo para los desempleados los trabajadores pobres – 6. Políticas que garanticen que los jóvenes, tanto mujeres como hombres, tengan educación, competencias y oportunidades adecuadas para participar en la economía – 7. Políticas que aborden el empleo informal, en zonas urbanas y rurales, y que promuevan la transición hacia el empleo formal, con el fin de reducir las desigualdades y promover economías más incluyentes – 8. Políticas que faciliten la orientación de la economía hacia actividades con baja emisión de carbono y respetuosas del medio ambiente, que ayuden a acelerar la recuperación del empleo, reduzcan las brechas sociales, apoyen la realización de los objetivos de desarrollo y hagan realidad el trabajo a lo largo de dicho proceso – 9. Medidas políticas, como el salario mínimo, que permitan reducir la pobreza y la desigualdad, incrementen la demanda y contribuyan a dar estabilidad económica – 10. Estrategias para crear un margen fiscal que permita implantar programas sistemáticos, multidimensionales y con una dotación adecuada para crear oportunidades de trabajo decente y empresas sostenibles. | ||
| 041 | _aspa | ||
| 942 | _cBK | ||
| 590 | _aniveau_biblio:m niveau_hierar:0 | ||
| 100 | 1 | _aOrganización Internacional del Trabajo (OIT) | |
| 856 | 4 | 1 |
_uhttps://www.biblioeco.unsa.edu.ar/pmb/images/libros/L127065.jpg _yImagen de portada _qimage/jpeg |
| 999 |
_c3892 _d3892 |
||